[Event "Stay Safe Play From Home 356"]
[Site "Emanuel Lasker Arena"]
[Date "2020.08.04"]
[Round "5"]
[White "Fischer_11"]
[Black "TheCHESSHOUSE"]
[Result "0-1"]
[WhiteElo "2114"]
[BlackElo "2093"]
[Annotator "NA RC"]
[PlyCount "68"]
[EventDate "2020.08.04"]
[EventType "swiss (blitz)"]

1. e4 {[%emt 0:00:02]} c5 {[%emt 0:00:01]} 2. c3 {[%emt 0:00:01]} d6 {[%emt 0:00:01]} 3. d4 {[%emt 0:00:01]} cxd4 {[%emt 0:00:00]} 4. cxd4 {[%emt 0:00:00]} Nf6 {[%emt 0:00:00]} 5. Nc3 {[%emt 0:00:01]} g6 {[%emt 0:00:01]} 6. h3 {[%emt 0:00:01]} Bg7 {[%emt 0:00:00]} 7. Nf3 {[%emt 0:00:00]} O-O {[%emt 0:00:01]} 8. Bd3 {[%emt 0:00:00]} a6 {[%emt 0:00:01]} 9. O-O {[%emt 0:00:01]} b5 {[%emt 0:00:00]} 10. a3 {[%emt 0:00:01]} Bb7 {[%emt 0:00:01]} 11. Be3 {[%emt 0:00:01]} Nbd7 {[%emt 0:00:01]} 12. Rc1 {[%emt 0:00:00]} e5 {[%emt 0:00:01]} 13. Bb1 {[%emt 0:00:01]} Rc8 {[%emt 0:00:03]} 14. Nd5 {[%emt 0:00:02]} Nxd5 {[%emt 0:00:05]} 15. exd5 {[%emt 0:00:00]} Bxd5 {[%emt 0:00:00]} 16. dxe5 {[%emt 0:00:02]} Bxf3 {[%emt 0:00:01]} 17. Qxf3 {[%emt 0:00:01]} Nxe5 {[%emt 0:00:01]} 18. Qd5 {[%emt 0:00:02]} Qf6 {[%emt 0:00:02]} 19. Bd4 {[%emt 0:00:05]} Qg5 {[%emt 0:00:03]} 20. f4 {[%emt 0:00:04]} Nf3+ {[%emt 0:00:03]} 21. Qxf3 {[%emt 0:00:02]} Bxd4+ {[%emt 0:00:01]} 22. Kh2 {[%emt 0:00:01]} Qf6 {[%emt 0:00:01]} 23. Rxc8 {[%emt 0:00:03]} Rxc8 {[%emt 0:00:00]} 24. f5 {[%emt 0:00:01]} Be5+ {[%emt 0:00:04]} 25. Kh1 {[%emt 0:00:00]} g5 {[%emt 0:00:02]} 26. h4 {[%emt 0:00:03]} h6 {[%emt 0:00:02]} 27. hxg5 {[%emt 0:00:01]} hxg5 {[%emt 0:00:00]} 28. Qh3 {[%emt 0:00:02]} Kg7 {[%emt 0:00:01]} 29. Kg1 {[%emt 0:00:03]} Bd4+ {[%emt 0:00:01]} 30. Rf2 {[%emt 0:00:04]} Rc1+ {[%emt 0:00:02]} 31. Kh2 {[%emt 0:00:01]} Bxf2 {[%emt 0:00:01]} 32. Qd3 {[%emt 0:00:02]} Qe5+ {[%emt 0:00:05]} 33. Kh3 {[%emt 0:00:01]} Rh1+ {[%emt 0:00:02]} 34. Kg4 {[%emt 0:00:00]} Qf4# {[%emt 0:00:00] (Lag: Av=0.56s, max=1.1s) (Lag: Av=0.56s, max=1.1s) (Lag: Av=0.56s, max=1.1s) (Lag: Av=0.56s, max=1.1s) (Lag: Av=0.56s, max=1.1s)} 0-1

[Event "Stay Safe Play From Home 356"]
[Site "Emanuel Lasker Arena"]
[Date "2020.08.04"]
[Round "5"]
[White "Lazieri3"]
[Black "Lamborghini"]
[Result "0-1"]
[WhiteElo "2080"]
[BlackElo "2256"]
[Annotator "TA"]
[PlyCount "82"]
[EventDate "2020.08.04"]
[EventType "swiss (blitz)"]

{[%evp 9,82,-20,-24,-46,-37,-58,-54,-59,-44,-44,-37,-39,-37,-34,-34,-55,-20,-46,-35,-75,-73,-173,-58,-129,-132,-121,-76,-173,-184,-183,-161,-272,-213,-262,-266,-364,-225,-316,-309,-395,-402,-602,-590,-841,-785,-946,-931,-1233,-1208,-1168,-1145,-29992,197,190,194,183,490,485,687,471,693,0,670,0,309,0,0,0,0,-305,-258,-29994,-29994,-29995,-29995]} 1. e4 c5 2. Nc3 d6 3. d3 Nc6 4. Nf3 e5 5. Bg5 Be7 6. Bxe7 {B50: Sicilian: 2...d6, Miscellaneous.} Ngxe7 {[#]} 7. h3 $146 ({Predecessor:} 7. Nd5 Nxd5 8. exd5 Nb4 9. c3 Nxd5 10. d4 cxd4 11. cxd4 Qa5+ 12. Qd2 Qxd2+ 13. Kxd2 {0-1 (29) Lepidakis,A (1005)-Pappas,K (2103) Heraklion 2005}) 7... O-O 8. Be2 {Black is slightly better.} f5 9. O-O f4 10. Nd5 Nxd5 11. exd5 Ne7 {[%cal Bc6e7,Be7f5,Bf5d4][%mdl 32]} 12. c4 g6 13. Nd2 Nf5 14. Ne4 Nd4 {Threatens to win with ...Bxh3!} 15. Bg4 {[#]} (15. Nd2 $17) 15... Bf5 (15... f3 $1 $19 {[%mdl 512]} 16. Bxc8 (16. gxf3 Qh4) 16... fxg2 17. Kxg2 Rxc8) 16. f3 (16. Bxf5 $15 Rxf5 17. f3) 16... Bxe4 $17 17. dxe4 Qf6 18. b4 (18. Be6+ $17 Kg7 19. Rb1) 18... cxb4 $19 19. Qa4 a5 20. Rad1 (20. a3 $142) 20... Kg7 21. Rxd4 exd4 22. Be6 b6 23. Rd1 (23. Qd7+ $142 Kh8 24. Qxd6) 23... Ra7 {[%cal Ba8a7,Ba7c7,Bc7c4,Bc4c3][%mdl 32]} 24. Qc2 Rc7 25. Qb2 (25. a4 $142) 25... Rxc4 26. a3 Rc3 27. axb4 a4 28. b5 a3 29. Qb4 Qe5 30. Rxd4 a2 $4 {[%mdl 8192]} (30... Rc1+ {mates} 31. Kf2 a2 32. Qd2 a1=Q 33. Ra4 Qab2 $1 {[%mdl 512]} 34. Ra7+ Kf6 $1 {[%mdl 512]} 35. Rf7+ Rxf7 36. Ke2 Qxb5+ 37. Qd3 Qeb2#) 31. Qxc3 $18 Ra8 32. Qa1 Kh6 $2 (32... Kf6 33. Kh2 Ra4) 33. Rd1 Qg5 (33... Qg7 $142 34. Re1 Qxa1 35. Rxa1 Kh5) 34. Rc1 Ra3 (34... Qe7 $142 35. Re1 Qa7) 35. Qd4 $2 (35. Qb2 $18 Rxf3 36. Rc7) 35... Rxf3 $2 {[%mdl 8192]} (35... Rb3 $11 36. Qa1 Rxf3) 36. Qh8 $2 (36. Rc7 $1 $18 {White wants to mate with Qg7+.} Qg3 37. Qg7+ {[%mdl 64] Double Attack} Kh5 38. Qxh7+ Kg5 39. h4+ $1 {[%mdl 512]} Qxh4 40. Qxh4+ Kxh4 41. Ra7) 36... Rg3 $2 {[%mdl 8192] [#]} (36... Qg3 $1 $11 {and Black stays safe.}) 37. Qf8+ $2 (37. Bg4 $1 $18 {[%cal Rh8f8]} Qe7 38. Kh2) 37... Kh5 $11 {( -> ...f3)} 38. Bg4+ $1 (38. Qxd6 Rxg2+ 39. Kh1 f3 $19) 38... Kh4 {aiming for ...f3.} 39. Kh2 $2 {[%mdl 8192]} (39. Ra1 $11 {and White has nothing to worry.} h5 40. Rxa2 (40. Qxd6 hxg4 41. Qf8 Rxg2+ {[%mdl 64] Remove Defender} 42. Kxg2 gxh3+ 43. Kf1 Qg2+ {[%mdl 64] Double Attack} 44. Ke1 Qxe4+ {[%mdl 64] Double Attack} 45. Kd2 Qxd5+ 46. Kc2 Kg3 $19) 40... hxg4 41. Rf2) 39... h5 $19 40. Be6 $2 (40. Ra1 $19 hxg4 41. Rxa2 gxh3 42. Qh8+ Qh5 43. Qxh5+ gxh5 44. gxh3) 40... Rxg2+ 41. Kh1 Qg3 {Quite a comeback for Black. Accuracy: White = 20%, Black = 47%.} 0-1

[Event "Stay Safe Play From Home 356"]
[Site "Emanuel Lasker Arena"]
[Date "2020.08.04"]
[Round "5"]
[White "Padmaesh M K"]
[Black "NTBT_DHS"]
[Result "0-1"]
[WhiteElo "1816"]
[BlackElo "2571"]
[Annotator "TA"]
[PlyCount "62"]
[EventDate "2020.08.04"]
[EventType "swiss (blitz)"]

{[%evp 9,62,-1,0,-10,-8,-16,-8,-141,-135,-202,-204,-300,-177,-175,-176,-164,-170,-198,-143,-188,-183,-298,-162,-293,-290,-365,-321,-534,-184,-363,-356,-454,-464,-445,-443,-450,-280,-392,-42,-309,-293,-1302,-1295,-1287,-1272,-29991,-29992,-29994,-29995,-29995,-29995,-29997,-29997,-29997,-29997]} 1. Nf3 g6 2. e3 Bg7 3. d4 d6 4. Bd3 Nf6 5. Nbd2 O-O 6. b3 {A48: 1 d4 Nf6 2 Nf3 g6: Torre, London and Colle Systems.} e5 7. Bb2 Re8 {[#] Strongly threatening ...e4.} 8. e4 $146 (8. dxe5 $11 {remains equal.} Nfd7 9. a4) ({Predecessor:} 8. dxe5 Ng4 9. h3 Nxe5 10. Nxe5 Bxe5 11. Bxe5 Rxe5 12. Nf3 Re8 13. O-O Nc6 14. Re1 {½-½ (44) Levacic,M (1601)-Haidinger,E (1740) Trogir 2016}) 8... exd4 $1 $17 9. Bxd4 (9. O-O $17) 9... Nc6 $19 10. Bb2 (10. O-O {might work better.}) 10... d5 (10... Nxe4 $142 11. Bxe4 Bxb2) 11. e5 Ng4 {[%cal Rg4e5]} 12. O-O Ngxe5 13. Rb1 Bg4 ({Better is} 13... Nxd3 $19 14. cxd3 Bxb2 15. Rxb2 Qf6) 14. h3 Nxd3 15. Bxg7 {[#]} (15. cxd3 {was forced.} Bxb2 16. hxg4) 15... Kxg7 (15... Nf4 $142 $1 16. Bb2 Bf5) 16. hxg4 {[#]} (16. cxd3 {was the only chance.} Bf5 17. Qc2) 16... Nf4 $1 17. c4 d4 18. Qc2 $2 (18. g3 Ne2+ 19. Kg2) 18... d3 $2 (18... Nb4 19. Qb2 c5) 19. Qc3+ $2 (19. Qb2+ Kg8 20. g3) 19... f6 {Hoping for ...Ne2+.} 20. Rfe1 Ne2+ 21. Rxe2 dxe2 22. Re1 Ne5 23. g5 {and the idea Ne4 leaves White hopeful.} Qd6 $2 (23... Nd3 $19 24. gxf6+ Kf8) 24. gxf6+ $2 {[%mdl 8192]} ({Only move:} 24. Ne4 $15 Nxf3+ 25. Qxf3 Rxe4 26. Qxe4) 24... Qxf6 25. Rxe2 $2 (25. Nxe5 Qxe5 26. Qxe5+ Rxe5 27. f3) 25... Nxf3+ 26. Qxf3 Qxf3 27. Rxe8 Qd1+ {[%mdl 64] Double Attack. Black mates.} 28. Nf1 Rxe8 29. g4 {[#]} Re1 $1 30. g5 Rxf1+ 31. Kg2 {[#]} Qe2 $1 {White got outplayed after the opening. Accuracy: White = 14%, Black = 45%.} 0-1

[Event "Stay Safe Play From Home 356"]
[Site "Emanuel Lasker Arena"]
[Date "2020.08.04"]
[Round "5"]
[White "Trotsky"]
[Black "Ao017545"]
[Result "0-1"]
[WhiteElo "1678"]
[BlackElo "1668"]
[Annotator "NA RC"]
[PlyCount "62"]
[EventDate "2020.08.04"]
[EventType "swiss (blitz)"]

1. d4 {[%emt 0:00:02]} e5 {[%emt 0:00:00]} 2. e3 {[%emt 0:00:00]} exd4 {[%emt 0:00:02]} 3. exd4 {[%emt 0:00:01]} Nf6 {[%emt 0:00:00]} 4. Be3 {[%emt 0:00:01]} Bb4+ {[%emt 0:00:03]} 5. c3 {[%emt 0:00:02]} Be7 {[%emt 0:00:01]} 6. c4 {[%emt 0:00:01]} c6 {[%emt 0:00:02]} 7. Nc3 {[%emt 0:00:01]} d5 {[%emt 0:00:00]} 8. Qc2 {[%emt 0:00:01]} O-O {[%emt 0:00:02]} 9. c5 {[%emt 0:00:01]} g6 {[%emt 0:00:03]} 10. Bd3 {[%emt 0:00:01]} Bg4 {[%emt 0:00:01]} 11. f3 {[%emt 0:00:01]} Bh5 {[%emt 0:00:02]} 12. g4 {[%emt 0:00:01]} Nxg4 {[%emt 0:00:01]} 13. fxg4 {[%emt 0:00:02]} Bxg4 {[%emt 0:00:01]} 14. h3 {[%emt 0:00:03]} Bh4+ {[%emt 0:00:01]} 15. Kd2 {[%emt 0:00:03]} Bh5 {[%emt 0:00:04]} 16. Be2 {[%emt 0:00:04]} Bg5 {[%emt 0:00:10]} 17. Re1 {[%emt 0:00:09]} Bxe3+ {[%emt 0:00:01]} 18. Kd3 {[%emt 0:00:03]} Bh6 {[%emt 0:00:04]} 19. Bxh5 {[%emt 0:00:06]} gxh5 {[%emt 0:00:04]} 20. Qg2+ {[%emt 0:00:01]} Qg5 {[%emt 0:00:01]} 21. Qxg5+ {[%emt 0:00:02]} Bxg5 {[%emt 0:00:00]} 22. Kc2 {[%emt 0:00:01]} f6 {[%emt 0:00:03]} 23. h4 {[%emt 0:00:00]} Bh6 {[%emt 0:00:02]} 24. Nf3 {[%emt 0:00:01]} Na6 {[%emt 0:00:01]} 25. Reg1+ {[%emt 0:00:01]} Kh8 {[%emt 0:00:02]} 26. a3 {[%emt 0:00:00]} Bg7 {[%emt 0:00:00]} 27. Kb3 {[%emt 0:00:02]} Nc7 {[%emt 0:00:00]} 28. Rg2 {[%emt 0:00:02]} Ne6 {[%emt 0:00:00]} 29. Rhg1 {[%emt 0:00:01]} Nf4 {[%emt 0:00:00]} 30. Rg3 {[%emt 0:00:01]} Nd3 {[%emt 0:00:03]} 31. Ng5 {[%emt 0:00:03]} Nxc5+ {[%emt 0:00:00] Âðåìÿ Âðåìÿ Âðåìÿ Âðåìÿ Âðåìÿ (Lag: Av=0.62s, max=0.9s) (Lag: Av=0.62s, max=0.9s) (Lag: Av=0.62s, max=0.9s) (Lag: Av=0.62s, max=0.9s) (Lag: Av=0.62s, max=0.9s)} 0-1

[Event "Stay Safe Play From Home 356"]
[Site "Emanuel Lasker Arena"]
[Date "2020.08.04"]
[Round "6"]
[White "Broken sword"]
[Black "NTBT_DHS"]
[Result "0-1"]
[WhiteElo "2428"]
[BlackElo "2571"]
[Annotator "TA"]
[PlyCount "110"]
[EventDate "2020.08.04"]
[EventType "swiss (blitz)"]

{[%evp 9,110,35,51,17,45,14,35,16,19,0,70,72,66,26,127,126,144,118,119,113,129,83,79,37,36,44,56,0,34,-64,-50,-90,-68,-308,-294,-320,-322,-315,-281,-389,-290,-313,-288,-327,-342,-352,-317,-443,-390,-512,-490,-491,-494,-684,-662,-713,-680,-819,-633,-708,-712,-804,-778,-751,-773,-972,-959,-2007,-728,-771,-751,-720,-719,-2438,-2442,-29993,-29987,-29987,-29979,-29988,-29980,-29980,0,-29982,0,-29980,0,-29986,-744,-29976,-29981,-29977,-973,-29978,-29979,-29983,-257,-381,-212,-29984,-199,-29989,-261]} 1. e4 g6 2. d4 Bg7 3. Nc3 d6 4. Be3 Nd7 5. Qd2 a6 6. h3 {B06: Modern Defence.} b5 7. a3 {[#]} Nb6 $146 ({Predecessor:} 7... Bb7 8. g4 Ngf6 9. Bg2 Nb6 10. b3 h5 11. g5 Nfd7 12. Rc1 e6 13. Nge2 O-O 14. O-O {0-1 (42) Galloux,M (2049)-Girardon,J (2186) Nimes 2018}) 8. f3 {White is slightly better.} Nf6 9. Bd3 Nh5 (9... O-O $11) 10. Nge2 Bb7 11. Bh6 O-O (11... e5 $11) 12. g4 $16 Nf6 13. Bxg7 Kxg7 14. h4 h6 15. h5 {Strongly threatening hxg6.} g5 16. Ng3 {aiming for Nf5+.} e6 $1 17. O-O-O Nfd7 18. Kb1 ({White should play} 18. f4 $14) 18... c5 19. dxc5 (19. Be2 $14) 19... dxc5 $15 20. Qe3 {Black keeps a firm grip on the game.} Qf6 21. Nge2 $2 (21. Be2 $15) 21... c4 $19 22. Rhe1 cxd3 23. cxd3 e5 24. d4 exd4 25. Nxd4 Nc4 26. Qf2 {next Nf5+ is good for White.} Nde5 27. Nf5+ Kh7 28. Rf1 Rad8 {Threatens to win with ...Nd3.} 29. Qe2 Rxd1+ 30. Rxd1 Rd8 31. Rxd8 Qxd8 32. Kc2 Bc8 33. Ne3 Be6 34. Ned5 Qd6 35. Nf6+ Kh8 {And now ...Nxf3! would win.} 36. Nfd5 Bxd5 37. Nxd5 Qc5 38. Kb1 Qd4 (38... Qg1+ $142 39. Ka2 Qc1) 39. Ka2 Nd3 {( -> ...Nc1+)} 40. Qc2 Ndxb2 41. Nb4 Na4 42. Nxa6 Nc3+ 43. Kb3 Na5+ 44. Kb2 Ne2+ 45. Kb1 Nc3+ 46. Kb2 $1 Nc4+ 47. Kb3 Na4 $2 (47... Nd2+ 48. Kb2 Ncxe4+ {[%mdl 64] Discovered Attack} 49. Ka2 Nc3+ 50. Kb2 Nce4+ 51. Ka2 Nc3+ 52. Kb2 Nce4+) 48. Nb4 $2 {[%mdl 8192]} (48. Ka2 $11 Qe3 {[%mdl 64] Double Attack} 49. Qh2 Qxa3+ 50. Kb1 Nc3+ {[%mdl 64] Discovered Attack} 51. Kc2 Qb2+ 52. Kd3 Qxh2 53. Kxc3 Qd2+ 54. Kb3 Qb2#) 48... Nc5+ 49. Ka2 {[#]} Qe3 $1 50. Nd5 Qxa3+ 51. Kb1 Na4 52. e5 Nc3+ $2 (52... Qxf3 53. Qc1 Qxd5 54. e6 Qd3+ 55. Ka2 Nc3+ 56. Kb3 Nd5+ 57. Ka2 Nb4+ 58. Ka1 Qb3 59. Qb1 Qc3+ 60. Qb2 Qxb2#) 53. Nxc3 (53. Qxc3 $142 Qxc3 54. Nxc3) 53... Qf8 (53... Qb4+ $142 54. Kc1 Qc5) 54. Nd5 $2 (54. Qe2 $19) 54... Qc5 $2 (54... Na3+ 55. Kc1 Nxc2 56. Nf6 Nd4 57. Kd2 Qb4+ 58. Kd3 Nxf3 59. e6 Qd4+ 60. Ke2 Ng1+ 61. Kf1 Nh3 62. Ke1 Qf2+ 63. Kd1 Nf4 64. e7 Qe2+ {[%mdl 64] Double Attack} 65. Kc1 Nd3+ 66. Kb1 Qb2#) 55. Nf6 $2 (55. Qd3 $19) 55... Qg1+ $2 {Accuracy: White = 32%, Black = 67%.} (55... Na3+ {mates} 56. Kb2 Qxc2+ 57. Kxa3 {[#]} Qc3+ $1 {[%mdl 576] Double Attack} 58. Ka2 b4 59. Nd5 Qc2+ 60. Ka1 b3 61. Nc3 Qxc3+ {[%mdl 64] Double Attack} 62. Kb1 Qc2+ 63. Ka1 Qc1#) 0-1

[Event "Stay Safe Play From Home 356"]
[Site "Emanuel Lasker Arena"]
[Date "2020.08.04"]
[Round "6"]
[White "AChessPlayer"]
[Black "Nuktotitakoi"]
[Result "0-1"]
[WhiteElo "2389"]
[BlackElo "2390"]
[Annotator "TA"]
[PlyCount "162"]
[EventDate "2020.08.04"]
[EventType "swiss (blitz)"]

{[%evp 16,162,-2,0,32,24,29,21,26,-6,47,39,91,-125,-126,-151,-15,-15,93,72,69,77,85,-221,0,0,108,-22,-28,-22,-22,-22,0,0,0,0,0,0,0,0,16,29,0,12,21,0,0,0,0,-23,-24,-15,0,0,0,0,0,-111,0,-50,-100,-28,0,-304,0,0,0,-1176,-2158,-1560,-470,-499,-424,-402,-364,-341,0,-29963,-29961,-29961,-29963,-29950,-6595,-29962,-29964,-12757,-5489,-6598,-6590,-29977,-29978,-29979,-29980,-29980,-29981,-29985,-29985,-29986,-29987,-29988,-29989,-29990,-29991,-29991,-29990,-29992,-29990,-29993,-29994,-29995,-29991,-29991,-29992,-29997,-29997,-29998,-29985,-29984,-29985,-29985,-29985,-29987,-29988,-29988,-29989,-29992,-29993,-29993,-29994,-29994,-29993,-29993,-29994,-29994,-29994,-29994,-29994,-29995,-29993,-29993,-29992,-29993,-29993,-29994,-29993,-29993,-29994,-29994,-29994]} 1. Nf3 d6 2. e3 Nf6 3. Be2 g6 4. d4 Bg7 5. c4 O-O 6. Nc3 Nbd7 7. O-O e5 8. dxe5 dxe5 9. b3 c6 {E61: King's Indian: Early deviations for White, including Smyslov System.} 10. Ba3 Re8 11. Qc2 e4 {The position is equal.} 12. Nd4 {[#]} Ne5 $146 (12... Qc7 $11) ({Predecessor:} 12... a6 13. b4 Qe7 14. c5 Qe5 15. Rad1 h5 16. Bb2 Qg5 17. Rfe1 h4 18. Bf1 Nf8 {0-1 (37) Huette,S-Seeman,T (2429) Dos Hermanas 2004}) 13. Rad1 ({Worse is} 13. Nxe4 Nxe4 14. Qxe4 Nxc4 $1 $17 {[%mdl 512]}) 13... Qc7 (13... Ned7 $14) 14. c5 $2 (14. Nxe4 $16 {is necessary to keep the advantage. Strongly threatening Bd6.} Nxe4 15. Qxe4) 14... Neg4 $17 {[%csl Gg4][%cal Rc7h2]} 15. g3 Ne5 ({Black should try} 15... h5 $1 $17 16. Qc1 h4 $1 {[%mdl 512]}) 16. Nxe4 $11 Bh3 (16... Nxe4 $11 {remains equal.} 17. Qxe4 Qa5) 17. Nxf6+ Bxf6 18. Rfe1 Rad8 19. Bf1 $2 {[%mdl 8192] [#]} (19. b4 $16) 19... Bg4 $2 (19... Rxd4 $1 $19 {[%mdl 512]} 20. Bxh3 (20. Rxd4 Nf3+) 20... Nf3+ {[%mdl 64] Double Attack} 21. Kf1 Nxe1 22. Rxe1 Qa5) 20. Be2 Qc8 (20... Bh3 $11 {keeps the balance.}) 21. f4 (21. Bxg4 $16 Qxg4 22. Kg2) 21... Bxe2 $1 22. Rxe2 Ng4 23. Bc1 $1 Bxd4 24. exd4 Rxe2 25. Qxe2 Re8 26. Qf3 Qe6 27. Bd2 {Black should prevent Re1.} h5 28. Re1 Qd7 29. Rxe8+ Qxe8 30. h3 Nf6 31. Qe3 Qd7 32. Kg2 Qd5+ 33. Kh2 Ne4 34. Be1 f5 35. a4 b6 36. Qd3 {[#]} (36. Bb4 $11) 36... bxc5 (36... Nxc5 $1 $17 {[%mdl 512]} 37. Qe3 (37. dxc5 Qxd3) 37... Ne4) 37. Qa6 $15 cxd4 {...d3 is the strong threat.} 38. Qxa7 d3 {[%cal Bd4d3,Bd3d2][%mdl 32]} (38... Qd6 $5 {[%cal Rd4d3]} 39. Qa8+ Kh7 40. Qb7+ Kh6 $15) 39. Qb8+ $2 {[%mdl 8192]} (39. Qa8+ $1 $11 Kh7 40. Qa7+ Kh6 41. Qa8 $1 {[%mdl 512]}) 39... Kg7 $2 (39... Kf7 $1 $19 {And now ...d2 would win.} 40. Qb7+ Ke6 41. Qc8+ Qd7 42. Qg8+ {[%mdl 64] Double Attack} Kd6 43. Bb4+ (43. Qxg6+ $2 Kc7 $19) 43... c5 44. Qxg6+ Kd5) 40. Qb7+ $1 $11 Kf6 {( -> ...d2)} 41. Qh7 $2 {[%mdl 8192] White is now going downhill.} (41. Bb4 $11 Qe6 42. a5) 41... d2 $19 42. Qh8+ {[#]} Ke6 (42... Kf7 $142 $1 {[%mdl 512]} 43. Qh7+ Ke8 $1 {[%mdl 512]} 44. Qh8+ Kd7 $1 {[%mdl 512]} 45. Qg7+ Kc8 $1 {[%mdl 512]} 46. Qf8+ Kb7 $1 {[%mdl 512]} 47. Qb4+ Ka6) 43. Qg8+ Kd6 44. Qd8+ {[#]} Kc5 $1 {[%mdl 512]} 45. Qa5+ {[#]} Kd6 $2 (45... Kd4 $1 $19 {[%mdl 512]} 46. Bxd2 c5) 46. Bxd2 $4 {[%mdl 8192]} (46. Qd8+ $11 Kc5 47. Qa5+ Kd4 48. Bxd2) 46... Qxd2+ ({Inferior is} 46... Nxd2 47. Qd8+ Kc5 48. Qa5+ Kd6 49. Qd8+ Ke6 50. Qe8+ Kf6 51. Qf8+ Ke6 52. Qe8+ Kf6 53. Qf8+ Ke6 54. Qe8+ $11) 47. Qxd2+ Nxd2 $11 {[%mdl 4096] Endgame KN-KP} 48. b4 Nc4 (48... Ne4 $142 49. Kg2 Nc3 50. a5 Nd5 51. Kf2 Nxb4 52. Ke3 Kd5 53. Kd2 Kd4 54. Kc1 c5 55. h4 c4 56. a6 Nxa6 57. Kc2 c3 58. g4 fxg4 59. f5 gxf5 60. Kb3 g3 61. Ka4 g2 62. Ka5 g1=Q 63. Kb6 Kd5+ 64. Kb7 Qb1+ 65. Kc8 Kd6 66. Kd8 Qb8#) 49. Kg2 Nb2 50. a5 Kc7 (50... Nd3 $142 51. b5 cxb5) 51. g4 Nd3 52. gxh5 gxh5 {Black mates.} 53. Kg3 Nxb4 {KN-K3P} 54. Kh4 c5 55. Kxh5 c4 56. Kg5 c3 57. h4 c2 58. h5 c1=Q 59. h6 Qg1+ 60. Kf6 Qh2 61. Kg7 Nd5 62. h7 Qg3+ 63. Kf7 Qh4 64. Kg8 Qf6 {[%cal Rd5e7]} 65. h8=Q Qxh8+ 66. Kxh8 Nxf4 {KN-KP} 67. Kg7 Nd5 68. Kg6 f4 69. Kg5 f3 70. Kg4 f2 71. a6 f1=Q 72. a7 Qa6 73. a8=Q Qxa8 74. Kf3 Qa7 75. Ke4 Qb6 76. Kxd5 Qc6+ 77. Ke5 Qd6+ 78. Kf5 Kc6 79. Kg5 Qd5+ 80. Kg4 Kc5 81. Kg3 Qd4 {Accuracy: White = 61%, Black = 59%.} 0-1

[Event "Stay Safe Play From Home 356"]
[Site "Emanuel Lasker Arena"]
[Date "2020.08.04"]
[Round "6"]
[White "Lamborghini"]
[Black "Little champs"]
[Result "1-0"]
[WhiteElo "2265"]
[BlackElo "2192"]
[Annotator "TA"]
[PlyCount "125"]
[EventDate "2020.08.04"]
[EventType "swiss (blitz)"]

{[%evp 13,124,25,22,22,21,25,31,21,64,72,66,64,72,70,72,64,78,75,76,69,79,56,86,75,86,86,89,69,81,73,110,82,117,107,132,83,91,73,90,87,162,162,191,170,554,542,535,546,531,532,651,492,555,543,635,629,741,218,516,194,189,184,196,137,127,111,120,59,66,2,17,0,125,14,29954,7111,4918,1937,5819,5289,1389,1381,29977,29977,29974,29974,29986,29984,29981,29982,29989,29990,29990,29987,29987,29988,29992,29983,29983,29982,29982,29983,29983,29984,29983,29982,29982,29979,29997,29998,29998,29999,29999]} 1. e4 c5 2. Nf3 d6 3. d4 cxd4 4. Nxd4 Nf6 5. Nc3 Nc6 6. Bc4 e5 7. Nde2 Be7 {is the legacy move (7...Be6).} 8. Ng3 {B57: Classical Sicilian: Sozin with 6...Qb6.} O-O 9. O-O Be6 10. Bb3 {[#] White is slightly better.} Bxb3 $146 ({Predecessor:} 10... Nd4 11. Bxe6 fxe6 12. Be3 Nc6 13. Qe2 a6 14. Rfd1 b5 15. a4 b4 16. Nb1 Qc8 {½-½ (27) Kuzmin,G (2518)-Baklan,V (2615) Alushta 2004}) 11. axb3 g6 12. Bg5 Nd4 13. Bxf6 Bxf6 14. Nd5 Bg7 15. c3 Ne6 16. b4 a6 17. Qd3 Rc8 18. Rad1 Re8 19. Rfe1 h5 20. h3 Qh4 21. Nf1 Rcd8 22. Qf3 Ng5 23. Qe3 Ne6 24. Qg3 Qxg3 25. Nxg3 h4 26. Nf1 g5 (26... f6 $16 {might work better.}) 27. Nfe3 $18 Kh7 28. Nf5 Bf8 $2 (28... Nf4 {is more resistant.} 29. Nxf4 exf4) 29. Nf6+ Kg6 30. Nxe8 Rxe8 31. Nxd6 Rd8 32. Nf5 Rc8 33. Rd7 b5 34. Red1 a5 35. g3 $2 (35. bxa5 Ra8 36. b4) 35... hxg3 $2 (35... axb4 36. gxh4 bxc3) 36. fxg3 $2 (36. bxa5 b4 37. cxb4) 36... axb4 37. cxb4 {Ne3 is the strong threat.} Rc4 {[#]} 38. Nd6 (38. Re1 $1 $18) 38... Bxd6 $16 39. R7xd6 Rxb4 {[%mdl 4096] Endgame KRR-KRN} 40. Re1 (40. R1d5 $16) 40... Rxb2 $14 41. Rd7 (41. Rf1 $14) 41... f6 42. Rf1 Nd4 (42... Nc5 $11 43. Rc7 Nxe4) 43. Rd6 (43. Rf2 $16 Rb1+ 44. Kh2) 43... Nf3+ $2 {[%mdl 8192] [#] Loses the game.} (43... Ne2+ $11 44. Kf2 Nf4+ 45. Kf3 Nxh3) 44. Rxf3 Rb1+ 45. Kg2 Kg7 46. Rf2 Rb4 47. Rfxf6 Rxe4 48. Rg6+ {White mates.} Kf7 49. Kf3 Re1 50. Rgf6+ Ke7 51. Kg4 b4 52. Rfe6+ Kf7 53. Rb6 b3 54. Rec6 Ke7 55. Rc7+ Kd8 56. Ra7 {[%cal Rb6b8]} Kc8 57. Rh6 {[%cal Rh6h8]} Kb8 58. Rf7 {[%cal Rh6h8]} Rc1 59. Rh8+ Rc8 60. Rhh7 b2 61. Rb7+ {[%mdl 64] Double Attack} Ka8 62. Ra7+ Kb8 63. Rhb7# {Accuracy: White = 63%, Black = 45%.} 1-0